000 00596nam a2200193Ia 4500
003 GCL
008 140319s9999 xx 000 0 ara d
040 _aGCL /
_cGCL
082 0 4 _a813.01
_bس ا
100 1 _aسحر توفيق
245 1 0 _aان تنحدر الشمس (هدية من الاديب عبدالفتاح الجمل) /
_cسحر توفيق
300 _a111 ص
490 _aمختارات فصول
_v0
650 0 4 _aالادب العربى
650 0 4 _aالقصص العربية
650 0 4 _aالقصة العربية
650 0 4 _aالقصة القصيرة
942 _2ddc
_cBK
999 _c40682
_d40682